Occupational hazards (Record no. 66403)
[ view plain ]
| 000 -LEADER | |
|---|---|
| fixed length control field | 00665cam a2200181 4500 |
| 001 - CONTROL NUMBER | |
| control field | WB3711-32 |
| 008 - FIXED-LENGTH DATA ELEMENTS--GENERAL INFORMATION | |
| fixed length control field | 000000n2001 000 0 eng u |
| 035 ## - SYSTEM CONTROL NUMBER | |
| System control number | (Sirsi) u111446 |
| 245 ## - TITLE STATEMENT | |
| Title | Occupational hazards |
| 260 ## - PUBLICATION, DISTRIBUTION, ETC. | |
| Date of publication, distribution, etc. | 2001 |
| 490 ## - SERIES STATEMENT | |
| Series statement | Estates Gazette |
| Volume/sequential designation | (0110) 10 March 2001, 154(1) |
| 520 ## - SUMMARY, ETC. | |
| Summary, etc. | Discusses "Darby v National Trust" a CA case, which held that an occupier does not need to warn visitors against dangers that are obvious and that failure to warn against one danger does not create liability for another. |
| 590 ## - LOCAL NOTE (RLIN) | |
| Local note | WB |
| 650 ## - SUBJECT ADDED ENTRY--TOPICAL TERM | |
| Topical term or geographic name entry element | DARBY V NATIONAL TRUST |
| 650 ## - SUBJECT ADDED ENTRY--TOPICAL TERM | |
| Topical term or geographic name entry element | OCCUPIERS LIABILITY ACT 1984 |
| 690 ## - LOCAL SUBJECT ADDED ENTRY--TOPICAL TERM (OCLC, RLIN) | |
| Topical term or geographic name as entry element | PROPERTY |
| 942 ## - ADDED ENTRY ELEMENTS (KOHA) | |
| Suppress in OPAC | 0 |
| Withdrawn status | Lost status | Source of classification or shelving scheme | Damaged status | Not for loan | Home library | Current library | Shelving location | Date acquired | Total Checkouts | Full call number | Barcode | Date last seen | Copy number | Price effective from | Koha item type |
|---|---|---|---|---|---|---|---|---|---|---|---|---|---|---|---|
| Dewey Decimal Classification | London | London | News article | 15/03/2001 | WB3711-32 | 111446-1001 | 06/08/2019 | 1 | 06/08/2019 | News article |